00486nam a2200181Ia 450000500170000000800410001702000150005808200190007310000170009224500520010926000540016130000160021565000140023165000160024565000180026165000120027965000130029120250324065041.0240331s9999 xx 000 0 und d a0520050568 a303bSHI24082 aShibutani, T 0aSocial Processes:bAn Introduction to Sociology aCalifornia,bUniversity of California Pressc1986 axv, 579 p., aSociology aEnvironment aCommunication aCulture aPolitics